Countries with Libyan embassies - Statistics

General Stats
  • This quiz has been taken 147 times
  • The average score is 81 of 107
Answer Stats
Continent Country % Correct
Europe United Kingdom
98%
Africa Algeria
96%
Asia/ Europe Russia
96%
North America United States of America
96%
Oceania Australia
94%
North America Canada
94%
Europe France
94%
Europe Italy
94%
Africa Egypt
92%
Asia/ Europe Turkey
92%
South America Brazil
90%
Europe Germany
90%
North America Mexico
90%
Europe Spain
90%
South America Argentina
88%
Asia China
88%
Africa Mali
88%
Africa Sudan
88%
Africa Tunisia
88%
Asia India
86%
Asia Iran
86%
Africa Morocco
86%
Africa Niger
86%
Europe Poland
86%
Europe Portugal
86%
Asia United Arab Emirates
86%
Europe Albania
84%
Europe Belgium
84%
Africa Democratic Republic of the Congo
84%
Africa Ethiopia
84%
Asia Pakistan
84%
Africa Angola
82%
Europe Belarus
82%
Africa Chad
82%
Europe Greece
82%
Asia Japan
82%
Asia Jordan
82%
Asia Lebanon
82%
Asia Syria
82%
Europe Austria
80%
Asia Bangladesh
80%
Asia Oman
80%
Asia Qatar
80%
Asia Saudi Arabia
80%
Europe the Netherlands
80%
Europe Ukraine
80%
North America Cuba
78%
Asia Indonesia
78%
Africa Kenya
78%
Africa Nigeria
78%
Africa Republic of Congo
78%
Africa Senegal
78%
Africa South Africa
78%
Europe Sweden
78%
South America Venezuela
78%
Asia Yemen
78%
Asia Bahrain
76%
Europe Denmark
76%
Africa Mauritania
76%
Asia South Korea
76%
Asia Thailand
76%
Africa Benin
74%
Europe Croatia
74%
Africa Ghana
74%
Europe Switzerland
74%
Africa Zimbabwe
74%
Europe Bosnia and Herzegovina
72%
Europe Czech Republic
72%
Asia Kuwait
72%
Europe Slovakia
72%
Asia Azerbaijan
70%
Asia Malaysia
70%
Europe Malta
70%
North America Panama
70%
Europe Serbia
70%
Africa Togo
70%
Africa Zambia
70%
Africa Cameroon
68%
Europe Hungary
68%
Africa Ivory Coast
68%
Asia Vietnam
68%
Europe Bulgaria
66%
Europe Romania
66%
Africa Burundi
64%
Africa Guinea Bissau
64%
Asia Kazakhstan
64%
Africa Mozambique
64%
Africa Rwanda
64%
Africa Uganda
64%
Africa Central African Republic
62%
Africa Gambia
62%
Africa Namibia
62%
Africa Tanzania
62%
Africa Comoros
60%
Europe Cyprus
60%
Africa Gabon
60%
Africa Lesotho
60%
North America Nicaragua
60%
Africa Burkina Faso
58%
Africa Sierra Leone
58%
Africa Cape Verde
56%
Africa Madagascar
56%
Asia the Philippines
56%
Asia Turkmenistan
54%
Europe Vatican City
54%
Asia Sri Lanka
52%
Africa Seychelles
44%
No matching quizzes found
Score Distribution
Percent of People with Each Score
Percentile by Number Answered
Your Score History
You have not taken this quiz